Τα όνειρα του λόγου : ο ηλεκτρονικός υπολογιστής και η εμφάνιση των επιστημών της πολυπλοκότητας
Αποθηκεύτηκε σε:
| Κύριος συγγραφέας: | |
|---|---|
| Άλλοι συγγραφείς: | |
| Μορφή: | Βιβλίο |
| Γλώσσα: | Greek English |
| Δημοσίευση: |
Ηράκλειο :
Πανεπιστημιακές Εκδόσεις Κρήτης,
1996.
|
| Σειρά: | Επιστήμη και ανθρώπινος πολιτισμός
|
| Θέματα: | |
| Ετικέτες: |
Προσθήκη ετικέτας
Δεν υπάρχουν, Καταχωρήστε ετικέτα πρώτοι!
|
MARC
| LEADER | 00000cam a2200000 i 4500 | ||
|---|---|---|---|
| 001 | 1/88076 | ||
| 008 | 980331s1996 gr | ||| |||| ||gre|| | ||
| 020 | |a 9605240122 | ||
| 035 | |a 1998 |b 1 |c ΚΠΣ/Δημοτικής Εκπαίδευσης |l 10035407 | ||
| 040 | |a GR-MyUA |b gre |e AACR2 | ||
| 041 | 1 | |a gre |h eng | |
| 082 | 0 | |a 303.4834 | |
| 100 | 1 | |a Pagels, Heinz R. | |
| 245 | 1 | 3 | |a Τα όνειρα του λόγου : |b ο ηλεκτρονικός υπολογιστής και η εμφάνιση των επιστημών της πολυπλοκότητας / |c Heinz R. Pagels ; απόδοση στα ελληνικά Κώστας Χατζηκυριάκου. |
| 260 | |a Ηράκλειο : |b Πανεπιστημιακές Εκδόσεις Κρήτης, |c 1996. | ||
| 300 | |a viii, 495 σ. ; |c 21 εκ. | ||
| 490 | 1 | |a (Επιστήμη και ανθρώπινος πολιτισμός) | |
| 500 | |a Τίτλος πρωτοτύπου: The dreams of reason. | ||
| 650 | 0 | 0 | |a Computers and civilization. |
| 650 | 0 | 0 | |a Science |x Philosophy. |
| 650 | 0 | 0 | |a Complexity (Philosophy) |
| 700 | 1 | |a Χατζηκυριάκου, Κώστας, |d 1959- |e trl | |
| 830 | 0 | |a Επιστήμη και ανθρώπινος πολιτισμός | |
| 852 | |a INST |b LESVOS |e 20081003 |h 303.4834 PAG |p 005100043157 |q 005100043157 |t BK |y 0 | ||
| 852 | |a INST |b LESVOS |e 20090430 |h 303.4834 PAG |p 005100044949 |q 005100044949 |t BK |y 0 | ||
| 852 | |a INST |b RHODES |e 19980331 |h 303.4834 PAG |p 005400010816 |q 005400010816 |t BK |y 0 | ||
| 852 | |a INST |b SAMOS |e 20070912 |h 303.4834 PAG |p 005300026957 |q 005300026957 |t BK |y 0 | ||
| 901 | |a BIBL3-2007-3 | ||
| 901 | |a BIBL-1998-1 | ||
| 901 | |a BIBL1-2008-3 | ||
| 901 | |a BIBL1-2009-1 | ||
| 920 | |a ΤΜΗΜΑ ΕΠΙΣΤΗΜΩΝ ΤΗΣ ΘΑΛΑΣΣΑΣ |y Λέσβος |z 2008-09 | ||
| 922 | |a 3ΕΛΗ |b 200708 |c ΕΠΕΑΕΚ2/ΤΜΗΜΑ ΜΑΘΗΜΑΤΙΚΩΝ |d ΠΑΤΑΚΗΣ | ||
| 922 | |a 1ΕΛΗ |b 200802 |c ΕΠΕΑΕΚ2/ΤΓ |d Σ. ΠΑΤΑΚΗΣ | ||
| 970 | |a ΚΟΣΙΕΡΗΣ |b ΧΡΗΣΤΟΣ |z 2007/09/12 | ||